02545nkc a2200337za 450000100060000000300040000600500170001000700070002700800410003404000240007510000330009924500460013226000240017830001010020250004110030350001930071450000650090750001340097250001690110650400520127550500470132751001510137451002100152556101310173561000750186665100190194165500320196070000530199285200120204585601500205784527OSt20260323100221.0kh boc250410s19101911sp ||||| ||||||0| i|spa d aM-RABAbspacM-RABA1 aElorza, Lorenzod(1861-1931)10aLopidanab: Puerta de la iglesiac/ L. E. c[ca. 1910 – 1911] a1 fotografía b: gelatina de platac; imagen 12 x 16,5 cme; soporte secundario 21,5 x 26,5 cm aVista de la portada de la iglesia parroquial de la Purificación de Nuestra Señora en Lopidana compuesta por un arco de luz en arista viva apuntada, como las tres arquivoltas, de las cuales la central presenta decoración de acantos bien trabajados. Las columnas, basas y capiteles presentan la misma decoración en ambos lados. En el centro figura Federico Baraibar en la puerta de acceso al templo.  aFotografía montada sobre soporte secundario de cartulina azul enmarcada con orla en relieve. Título y numeración manuscrita que hace referencia a la posición en la serie “108”. aSello con monograma del fotógrafo en tinta roja “L.E.” aFechas tomadas de la ejecución del positivo de las fotografías, incluido el soporte secundario. (Soto Madrazo, Javier. 2008). aForma parte de un conjunto de 167 fotografías empleadas por Federico Baráibar Zumárraga para la elaboración del Inventario del Románico en Álava (1911). aBaraibar, F.: "Rincones artísticos", M. 1914. aLopidana.- Puerta de la Iglesia. / L. E.  aDescripción tomada de: Soto Madrazo, Javier (2008). Federico Baraibar y el Inventario del Románico en Álava: una caja con 167 fotografías. aEsta colección fue utilizada posteriormente por Cristóbal de Castro para la elaboración y publicación del "Catálogo Monumental de España: provincia de Álava", Madrid, S. de Rivadeneira, 1915. aDonadas junto con la memoria manuscrita a la Academia por el mismo Baraibar (Sesión 12 de febrero de 1912, Archivo: 4-32-1).27aIglesia parroquial de la Purificación de Nuestra Señora (Lopidana) 7aÁlava2embne 0aFotografías de monumentos1 aBaráibar y Zumárraga, Federico d(1851-1918) jFot-217 3Fot-217uhttps://archivoybiblioteca.realacademiabellasartessanfernando.com/cgi-bin/koha/opac-retrieve-file.pl?id=0b70cc166692d22911b25c882dacbb70